TECHNICAL WRITING, PRESENTATION SKILLS, AND ONLINE COMMUNICATION (Record no. 216889)
[ view plain ]
| 000 -LEADER | |
|---|---|
| fixed length control field | 00563nam a22001577a 4500 |
| 008 - FIXED-LENGTH DATA ELEMENTS--GENERAL INFORMATION | |
| fixed length control field | 260330b |||||||| |||| 00| 0 eng d |
| 020 ## - INTERNATIONAL STANDARD BOOK NUMBER | |
| International Standard Book Number | 978-1-4666-0237-3 |
| 100 ## - MAIN ENTRY--PERSONAL NAME | |
| Personal name | GREENLAW, RAYMOND |
| 245 ## - TITLE STATEMENT | |
| Title | TECHNICAL WRITING, PRESENTATION SKILLS, AND ONLINE COMMUNICATION |
| Remainder of title | PROFESSIONAL TOOLS AND INSIGHTS |
| 260 ## - PUBLICATION, DISTRIBUTION, ETC. | |
| Place of publication, distribution, etc. | HERSHEY |
| Name of publisher, distributor, etc. | INFORMATION SCIENCE REFERENCE |
| Date of publication, distribution, etc. | 2012 |
| 300 ## - PHYSICAL DESCRIPTION | |
| Extent | XXI, 225P. |
| 500 ## - GENERAL NOTE | |
| General note | INCLUDES INDEX |
| 650 ## - SUBJECT ADDED ENTRY | |
| Topical term or geographic name entry element | 1. TECHNICAL WRITING 2. COMMUNICATION OF TECHNICAL INFORMATION 3. BUSINESS WRITING |
| 942 ## - ADDED ENTRY ELEMENTS (KOHA) | |
| Source of classification or shelving scheme | Library of Congress Classification |
| Koha item type | Long Loan Book |
| Withdrawn status | Lost status | Source of classification or shelving scheme | Damaged status | Not for loan | Collection | Home library | Current library | Shelving location | Date acquired | Inventory number | Total checkouts | Full call number | Barcode | Date last seen | Copy number | Price effective from | Koha item type |
|---|---|---|---|---|---|---|---|---|---|---|---|---|---|---|---|---|---|
| Library of Congress Classification | Science & Technology | Kisii University Library | Kisii University Library | On Display | 03/30/2026 | 112598 | T 11 .G74 2012 | A000717 | 03/30/2026 | 1 | 03/30/2026 | Long Loan Book | |||||
| Library of Congress Classification | Science & Technology | Kisii University Library | Kisii University Library | On Display | 03/30/2026 | 112599 | T 11 .G74 2012 | A000719 | 03/30/2026 | 2 | 03/30/2026 | Long Loan Book | |||||
| Library of Congress Classification | Science & Technology | Kisii University Library | Kisii University Library | On Display | 03/30/2026 | 112600 | T 11 .G74 2012 | A000722 | 03/30/2026 | 3 | 03/30/2026 | Long Loan Book | |||||
| Library of Congress Classification | Science & Technology | Kisii University Library | Kisii University Library | On Display | 03/30/2026 | 112601 | T 11 .G74 2012 | A000721 | 03/30/2026 | 4 | 03/30/2026 | Long Loan Book |